000 00486nam a2200205Ia 4500
003 OSt
005 20230511162527.0
008 210423s2009 xx 000 0 und d
020 _a9781429203142
040 _cAL
041 _aeng
082 _a581
_223
_b SMIA
100 _aSMITH (Alison M).
_9103928
245 _aPlant biology.
260 _aNew York
_bGarland Science
_c2009
300 _axv,664
_bPB
365 _b2888
_cINR
906 _abiology. ; Plant
942 _2ddc
_cBK
999 _c164342
_d164342